01475cam a22003617a 4500003000500000005001700005008004100022010001000063011001000073035001000083040000900093090001000102100004200112245012100154260003900275300002000314502009800334590003700432590004100469590004100510590004100551590004200592650003900634650004300673650003300716901000700749942000900756949003600765949004100801999001700842952012600859952012800985CHAP20220329140309.0971013s1980 r 00010 d a49944 a50916 a55066 cCHAP aTesis00aVillarreal Guajardo, Alfredo.9119616 0aFertilización nitrógeno-fosfórica en el cultivo de sorgo (Sorghum vulgare) en el municipio de Gral Bravo, N.L. aMonterrey, N.L. :bEl autor,c1980 a37 h.b; tablas aTesis (Ing. Agrónomo Fitotecnista) -- Univ. Autónoma de Nuevo León. Fac. de Agronomía aALEPHb10c20130110lUCH01h1323 aBATCH-UPDb10c20130110lUCH01h0724 aBATCH-UPDb10c20130410lUCH01h0408 aBATCH-UPDb10c20130914lUCH01h1411 aCONVERSIONb10c20130109lUCH01h132714aFertilizantes nitrogenados.94059614aFertilizantesxEfecto en sorgo.94055114aSorgoxNuevo León.9108702 aBK cFOLL bBCcTESd-121083eTS1i55066si bBCcTESd-121084eTS2fc.2i55066si c49944d49944 00102local4053708TESISaBCbBCcPA_TESISd2012-12-17fTESISl0p-121084r2019-12-31 00:00:00tc.2w2019-12-31yTESIS 00102local4051708TESISaBCbBCcPA_TESISd2012-12-17fTESISl0oTesisp-121083r2019-12-31 00:00:00w2019-12-31yTESIS